000 00543nam a2200181Ia 4500
008 151018s9999 xx 000 0 und d
082 _bRBASDV47600
_a615
100 _aराकेश भारती
245 _aआयुवीज्ञान
250 _b1
260 _bपंकज बुक्स
_c2007
300 _a263
600 _aराकेश भारती
630 _aआयुवीज्ञान
700 _aराकेश भारती
730 _aआयुवीज्ञान
942 _cBOOK
999 _c1046732
_d1046729